00399nam a2200133Ia 450000500170000000800410001702000160005808200180007410000290009224500560012126000530017730000220023065000130025220240603113811.0231019s9999 xx 000 0 und d a20211600101 a297.05bIMR-T aProf. Dr. Muhammad Imran 0aTaaleemat e Islami Lazmi/cProf. Dr. Muhammad Imran aMultan,Pakistan;bTaaleemat e Islami Pub;c2020. a368 p.:c23.5 cm. aIslamyat